Catálogo

Vista normal Vista MARC

Entrada Personal Name

Número de registros utilizados en: 1

001 - CONTROL NUMBER

  • control field: 7880

003 - CONTROL NUMBER IDENTIFIER

  • control field: DLC

005 - DATE AND TIME OF LATEST TRANSACTION

  • control field: 20180820152817.0

008 - FIXED-LENGTH DATA ELEMENTS

  • fixed length control field: 930830n| acannaab |n aaa c

010 ## - LIBRARY OF CONGRESS CONTROL NUMBER

  • LC control number: no 93025734

040 ## - CATALOGING SOURCE

  • Original cataloging agency: MoSW-Mu
  • Transcribing agency: Mx-PuUPA
  • Modifying agency: DLC
  • Modifying agency: Mx-PuUPA

100 1# - HEADING--PERSONAL NAME

  • Personal name: Arcangeli, Alessandro

375 ## - GENDER

  • Gender: hombre

377 ## - ASSOCIATED LANGUAGE

  • Language code: spa

670 ## - SOURCE DATA FOUND

  • Source citation: Corso, R. Dialogo del ballo, 1987:
  • Information found: t.p. (Alessandro Arcangeli)

670 ## - SOURCE DATA FOUND

  • Source citation: Recreation in the Renaissance, 2003:
  • Information found: CIP t.p. (Alessandro Arcangeli, lecturer in early modern history, Dept. of History, Arts, and Geography, Univ. of Verona) data sheet (b. Aug. 18, 1955)

670 ## - SOURCE DATA FOUND

  • Source citation: Biblioteca del congreso (Estados Unidos), 20 agosto 2018:
  • Information found: catálogo electrónico
  • Uniform Resource Identifier: https://goo.gl/d7HXQ2